বাংলাদেশে প্রধান রাজনৈতিক দলসমূহে গণতন্ত্র চর্চার সংকট : (Record no. 78342)
[ view plain ]
| 000 -LEADER | |
|---|---|
| fixed length control field | 02014nam a2200325 a 4500 |
| 001 - CONTROL NUMBER | |
| control field | 78342 |
| 003 - CONTROL NUMBER IDENTIFIER | |
| rucl marc code | BD-RjUL |
| 005 - DATE AND TIME OF LATEST TRANSACTION | |
| control field | 20211209083123.0 |
| 008 - FIXED-LENGTH DATA ELEMENTS--GENERAL INFORMATION | |
| fixed length control field | 210912s2018 bg a|||| m||| 00| 0 ben d |
| 035 ## - SYSTEM CONTROL NUMBER | |
| System control number | (BD-RjUL)78568 |
| 040 ## - CATALOGING SOURCE | |
| Original cataloging agency | BD-RjUL |
| Language of cataloging | ben / eng |
| Transcribing agency | BD-RjUL |
| Modifying agency | BD-RjUL |
| 041 ## - LANGUAGE CODE | |
| Language code of text/sound track or separate title | ben |
| 082 ## - DEWEY DECIMAL CLASSIFICATION NUMBER | |
| Classification number | 324.25492 |
| Author mark and year | NAB 2018 |
| Edition number | 23 |
| 100 ## - MAIN ENTRY--PERSONAL NAME | |
| Personal name | নাহার, মোসা. কামরুন |
| 9 (RLIN) | 247693 |
| 245 10 - TITLE STATEMENT | |
| Title | বাংলাদেশে প্রধান রাজনৈতিক দলসমূহে গণতন্ত্র চর্চার সংকট : |
| Remainder of title | একটি বিশ্লেষণ / |
| Statement of responsibility, etc. | মোসা. কামরুন নাহার : |
| Linkage | সুপারভাইজার ; কফিল উদ্দিন আহমেদ |
| 246 ## - VARYING FORM OF TITLE | |
| Title proper/short title | The Crisis of Practising Democracy in the Major Political Parties in Bangladesh : |
| Remainder of title | An Analiysis |
| 260 ## - PUBLICATION, DISTRIBUTION, ETC. (IMPRINT) | |
| Place of publication, distribution, etc. | রাজশাহী : |
| Name of publisher, distributor, etc. | রাষ্ট্রবিজ্ঞান বিভাগ, রাজশাহী বিশ্ববিদ্যালয়, |
| Date of publication, distribution, etc. | ২০১৮ |
| 300 ## - PHYSICAL DESCRIPTION | |
| Pagination | xv, ৪২৮ পাতা : |
| Illustrations | চিএ ; |
| Size | ২৯ সেমি. |
| 502 ## - DISSERTATION NOTE | |
| Dissertation note | থিসিস (পিইচ. ডি.) -- রাষ্ট্রবিজ্ঞান বিভাগ, রাজশাহী বিশ্ববিদ্যালয়, ২০১৮ |
| 504 ## - BIBLIOGRAPHY, ETC. NOTE | |
| Bibliography, etc | গ্রন্থপঞ্জি : পাতা [৩৯৮]-৪১৫ |
| 600 ## - SUBJECT ADDED ENTRY--PERSONAL NAME | |
| Titles and other words associated with a name | |
| 650 ## - SUBJECT ADDED ENTRY--TOPICAL TERM | |
| Topical term or geographic name as entry element | রাজনৈতিক দল |
| General subdivision | ইতিহাস |
| Geographic subdivision | বাংলাদেশ |
| 9 (RLIN) | 247887 |
| Topical term or geographic name as entry element | Political parties |
| General subdivision | History |
| Geographic subdivision | Bangladesh. |
| 9 (RLIN) | 247888 |
| Topical term or geographic name as entry element | গণতন্ত্র |
| Geographic subdivision | বাংলাদেশ |
| 9 (RLIN) | 247889 |
| Topical term or geographic name as entry element | Democracy |
| Geographic subdivision | Bangladesh. |
| 9 (RLIN) | 247890 |
| 651 ## - SUBJECT ADDED ENTRY--GEOGRAPHIC NAME | |
| Geographic name | বাংলাদেশ |
| General subdivision | রাজনীতি এবং সরকার |
| 9 (RLIN) | 247891 |
| Geographic name | Bangladesh |
| General subdivision | Politics and government |
| 9 (RLIN) | 247892 |
| 700 ## - ADDED ENTRY--PERSONAL NAME | |
| Personal name | আহমেদ, কফিল উদ্দিন, সুপারভাইজার |
| 942 ## - ADDED ENTRY ELEMENTS (KOHA) | |
| Source of classification or shelving scheme | Dewey Decimal Classification |
| Koha item type | Theses |
| Lost status | Source of classification or shelving scheme | Damaged status | Not for loan | Collection code | Permanent Location | Current Location | Shelving location | Date acquired | Source of acquisition | Total Checkouts | Full call number | Date last seen | Copy number | Koha item type |
|---|---|---|---|---|---|---|---|---|---|---|---|---|---|---|
| Dewey Decimal Classification | Not For Loan | Theses | Central Library, University of Rajshahi | Central Library, University of Rajshahi | Documentation Section | 05/08/2019 | Controller of Exam., R.U | BTHE 324.25492 NAB 2018 | 12/09/2021 | C-1 | Theses |